01580nam a2200289 a 450000100100000000500170001000800410002704000250006808200200009310000430011324500510015626000350020730000210024250000710026359000270033465000270036165000310038871000520041991000380047195201320050995201320064195201320077395201270090595201180103295201230115099900170127300003910920240530073921.0130522s2012 dr 000 f spa d aDO-SdBNPbspacBNPHU aRD863.44bM433e1 aMatos Diedoné, Manuel Antonio96531810aEsas cartas /cManuel Antonio Matos Diedoné. aSanto Domingo :bINTEC,c2012. a155 p. ;c23 cm. aIncluye datos biográficos del autor en la solapa de la cubierta. aInventariado, 2020/MAA 0aNovela dominicana9223 0aLiteratura dominicana.9672 aInstituto Tecnológico de Santo Domingo978911 aValidado. Control de calidad EMS. 001054708DSaGRbGRcHDd2013-05-22iLF1l0oRD863.44 M433ep39109-30r2020-06-25te.3w2020-06-25yLFDSZPréstamo en sala 001054708DSaGRbGRcHDd2014-02-19iLF1l0oRD863.44 M433ep39109-40r2020-06-25te.4w2020-06-25yLFDSZPréstamo en sala 001054708DSaGRbGRcHDd2014-02-19iLF1l0oRD863.44 M433ep39109-50r2020-06-25te.5w2020-06-25yLFDSZPréstamo en sala 001054708PDaGRbGRcHDd2014-02-25iLF1l0oRD863.44 M433ep39109-60r2020-06-25w2020-06-25yLFPDZPréstamo en sala 0010718PDaPDbPDcHDd2013-05-22iLF1l0oRD863.44 M433ep39109-10r2020-06-25w2020-06-25yLFPDZNo se presta 0010718PDaPDbPDcHDd2013-05-22iLF1l0oRD863.44 M433ep39109-20r2020-06-25te.2w2020-06-25yLFPDZNo se presta c38599d38599